000 00310nam a22001337a 4500
008 171023b xxu||||| |||| 00| 0 eng d
020 _a9780136036388
041 _aeng
080 _210TH
_a338
100 _a54
101 _aMEN
245 _aQUANTITATIVE ANALYSIS FOR MANAGEMENT
_cRENDER,B
942 _2udc
_cBK
999 _c35400
_d35400